000
00295nam a22001337a 4500
008
180131b xxu||||| |||| 00| 0 eng d
020
_a
610349001
041
_a
eng
080
_a
338
100
_a
54
101
_a
MNG
245
_a
A Statistics Primer for Management
_c
Clark
942
_2
udc
_c
BK
999
_c
41321
_d
41321